Logo BPK

Bibliografia Prac Pracowników

Politechniki Koszalińskiej

Wytyczne w sprawie zapewnienia odpowiednich jakości prac naukowo-badawczych prowadzonych w instytutach oraz ich finansowania / (Rekord nr 7596)

Szczegóły MARC
000 -ETYKIETA REKORDU
podpole kontrolne o stałej długości 00747nab a22001937a 4500
003 - IDENTYFIKATOR NUMERU KONTROLNEGO REKORDU
podpole kontrolne BPK
005 - DATA OSTATNIEJ MODYFIKACJI REKORDU
podpole kontrolne 20160315100729.0
008 - POLE O STAŁEJ DŁUGOŚCI - DANE KONTROLNE
podpole kontrolne o stałej długości 160314b1975 pl ||||| |||| 00| 0pol
040 ## - ŹRÓDŁO KATALOGOWANIA
Instytucja, która utworzyła rekord BPK
080 ## - UNIWERSALNA KLASYFIKACJA DZIESIĘTNA - UKD
UKD 001.891
100 ## - NAZWA OSOBOWA
Nazwa osobowa SADOWSKI, Wiesław.
Lata pracy 1974 - 1981.
Instytucja Wyższa Szkoła Inżynierska w Koszalinie - Instytut Budowy Maszyn,
Wydział Zakład Elektroniki Napędów i Sterowania
245 ## - TYTUŁ/ODPOWIEDZIALNOŚĆ
Tytuł Wytyczne w sprawie zapewnienia odpowiednich jakości prac naukowo-badawczych prowadzonych w instytutach oraz ich finansowania /
Pozostałe elementy strefy tytułu i oznaczenia odpowiedzialności Wiesław Sadowski.
260 ## - STREFA ADRESU WYDAWNICZEGO
Data publikacji, dystrybucji/powstania dokumentu 1975.
500 ## - UWAGI OGÓLNE
Tekst uwagi Dane z kartoteki bpp.
650 #0 - HASŁO PRZEDMIOTOWE W FORMIE NAZWY OGÓLNEJ LUB JEDNOSTKOWEJ
Nazwa ogólna lub geograficzna Jakość.
650 #0 - HASŁO PRZEDMIOTOWE W FORMIE NAZWY OGÓLNEJ LUB JEDNOSTKOWEJ
Nazwa ogólna lub geograficzna Nauka.
773 ## - TYTUŁ DOKUMENTU MACIERZYSTEGO
Wyrażenie wprowadzające W :
Tytuł Biuletyn Inst. Gosp. Społ. -
Informacje dotyczące relacji 1975, nr 1, s. 86-88
942 ## - HASŁO DODATKOWE - ELEMENTY(KOHA)
Typ dokumentu Artykuł
Schemat klasyfikacji Uniwersalna klasyfikacja dziesiętna

Brak dostępnych egzemplarzy.

© 2014 Biblioteka Politechniki Koszalińskiej :: BIBLIOGRAFIA PRAC PRACOWNIKÓW